000 00577nam a2200217Ia 4500
003 GCL
008 140319s9999 xx 000 0 eng d
040 _aGCL /
_cGCL
082 0 4 _a621.402
_bJ G
100 1 _aJAIN, J.K.
245 1 0 _aGAS TURBINE THEORY AND JET PROPULSION /
_cJAIN, J.K.
260 _a[S.N] :
_bKHANNA PUBLISHERS ،
_c1979
300 _a212 P
650 0 4 _aالتحليل الرياضى
650 0 4 _aJET PROPULSION
650 0 4 _aTURBINES
650 0 4 _aMECHANICS ENGINEERING
650 0 4 _aGAS INDUSTRY
650 0 4 _aGAS - TURBINES
942 _2ddc
_cBK
999 _c20077
_d20077